书目信息 |
| 题名: |
油料作物加工技术
|
|
| 作者: | 顾欣 主编 | |
| 分册: | ||
| 出版信息: | 成都 四川大学出版社 2019.08 |
|
| 页数: | 207页 | |
| 开本: | 26cm | |
| 丛书名: | ||
| 单 册: | ||
| 中图分类: | TS224.2 | |
| 科图分类: | ||
| 主题词: | 油料加工--you liao jia gong | |
| 电子资源: | ||
| ISBN: | 978-7-5690-2871-3 | |
| 000 | 00921nam0 2200241 450 | |
| 001 | CAL 0120192851257 | |
| 005 | 20230217093111.0 | |
| 010 | @a978-7-5690-2871-3@dCNY45.00 | |
| 100 | @a20190906d2019 em y0chiy0120 ea | |
| 101 | 0 | @achi |
| 102 | @aCN@b510000 | |
| 105 | @ay a 000yy | |
| 106 | @ar | |
| 200 | 1 | @a油料作物加工技术@Ayou liao zuo wu jia gong ji shu@f主编顾欣 |
| 210 | @a成都@c四川大学出版社@d2019.08 | |
| 215 | @a207页@d26cm | |
| 320 | @a有书目 (第207页) | |
| 330 | @a本书系统介绍了各种油料类食品生产的新技术, 重点介绍大豆、花生、芝麻、玉米、核桃、葵花籽、油菜籽、向日葵加工技术等内容。在编写过程中结合了科研实践与经验, 将传统工艺与现代加工技术相结合, 内容全面具体, 条理清楚, 通俗易懂, 是一本可操作性强的油料类生产实用技术书。 | |
| 606 | 0 | @a油料加工@Ayou liao jia gong |
| 690 | @aTS224.2@v5 | |
| 701 | 0 | @a顾欣@Agu xin@4主编 |
| 801 | 0 | @aCN@bBJXHZP@c20230222 |
| 905 | @b1394110-3@dTS224.2@e383@f4 | |
| 油料作物加工技术/主编顾欣.-成都:四川大学出版社,2019.08 |
| 207页;26cm |
| ISBN 978-7-5690-2871-3:CNY45.00 |
| 本书系统介绍了各种油料类食品生产的新技术, 重点介绍大豆、花生、芝麻、玉米、核桃、葵花籽、油菜籽、向日葵加工技术等内容。在编写过程中结合了科研实践与经验, 将传统工艺与现代加工技术相结合, 内容全面具体, 条理清楚, 通俗易懂, 是一本可操作性强的油料类生产实用技术书。 |
| ● |
| 相关链接 |
|
|
|
|
正题名:油料作物加工技术
索取号:TS224.2/383
 
预约/预借
| 序号 | 登录号 | 条形码 | 馆藏地/架位号 | 状态 | 备注 |
| 1 | 1394110 | 213941109 | 第二样本阅览室/ [索取号:TS224.2/383] | 在馆 | |
| 2 | 1394111 | 213941118 | 第三借阅区/ [索取号:TS224.2/383] | 在馆 | |
| 3 | 1394112 | 213941127 | 第三借阅区/ [索取号:TS224.2/383] | 在馆 | |
| 4 | 1394113 | 213941136 | 第三借阅区/ [索取号:TS224.2/383] | 在馆 |